000 01440nam a22002297a 4500
003 OSt
005 20260128094430.0
008 230522b ||||| |||| 00| 0 eng d
040 _aSSBUL
_cSSBUL
041 _ashan
082 _a895.919
245 _aၶုတ်းသႅင်ၶုတ်းၼႂ်းလိၵ်ႈ။
_bၽိုၼ်လိၵ်ႈၶူၼ်ႉၶႂႃႉပၢင်ၵုမ်ၶွၼ်ႇၾရႅၼ်ႉလိၵ်ႈလူင်ပွၵ်ႈၵမ်း-4
_cၸုမ်းၽၢႆႇလိၵ်ႈလၢႆးပၢင်ၵုမ်ၶွၼ်ႇၾရႅၼ်ႉလိၵ်ႈလူင်ပွၵ်ႈၵမ်း-4 လႄႈၸုမ်းသင်ႇၶႃႇၼုမ်ႇတႆးဝဵင်းတႃႈလိူဝ်ႇ
260 _aဝဵင်းလိူဝ်ႇ
_bတႆးၵမ်ႇပေႃးၸ
_c2016
300 _aX၊ 638 ၼႃႈ
_bပႃးၶႅပ်းႁၢင်ႈ
_c27 ၸိၼ်ႇထီႇ
500 _aမၢႆ 2519 ပဵၼ်ပပ်ႉၸဝ်ႈတႃႇၼႁင်းၶေႃ တွၵ်ႉတိူဝ်ႇၸၢႆးဢွင်ႇထုၼ်း
500 _a S-SAT: Dr. Prof Sai Aung Tun
650 _aလိၵ်ႈလၢႆးတႆး-ၶွၼ်ႇၾရႅၼ်ႉ
_922816
650 _aပုတ်ႉထၽႃႇသႃႇ-ၶွၼ်ႇၾရႅၼ်ႉ
_922817
942 _cBK
942 _2ddc
942 _2ddc
999 _c24675
_d24675